Statistics for Mac DeMarco – Chamber of Reflection Lyrics

Click here to take the quiz!

General Stats

  • This quiz has been taken 34 times
  • The average score is 43 of 58

Answer Stats

Lyrics% Correct
a
100%
Alone
97%
Alone
97%
alone
97%
Alone
97%
x4Alone
97%
x4Alone
97%
x3Alone
97%
x4again
93%
x3again
93%
again
93%
x4again
93%
some
93%
some
93%
time
93%
time
93%
away
87%
Spend
87%
Spend
87%
the
87%
the
87%
you
83%
for
80%
be
77%
day
77%
man
77%
man
77%
better
73%
better
73%
born
73%
that
73%
that
73%
that
73%
that
73%
Getting
70%
ready
70%
you'll
70%
you'll
70%
with
67%
run
63%
soon
63%
Understand
63%
Understand
63%
you're
63%
lonely
60%
No
60%
feeling
57%
when
57%
looking
53%
here,
50%
It's
50%
out
50%
clear
47%
use
43%
Among
40%
leave
40%
within
40%
brings
33%

Score Distribution

Percentile by Number Answered

Percent of People with Each Score

Your Score History

You have not taken this quiz